000 00633nam a22002177a 4500
003 UA-OsUOA
001 56996
007 ta
008 20081125b un ||||| |||| 00| 0 ukr d
100 _aТрофимович В.
090 _a908
_bТ-12
942 _cSA
040 _aUA-OsUOA
_bukr
_cUA-OsUOA
_dUA-OsUOA
245 _aМандрівка крізь віки/Про книгу Чеслава Хитрого "Минувшина Рівненщини - далека і бизька"
300 _aС.9
955 _a0
041 _aukr
080 _a908
773 0 _w56995
650 7 _a908 Краєзнавство
_2UDC
999 _c343081
_d343081